| 000 | 00000nam 2200000zi 4500 |
| 001 | 9.921083 |
| 003 | CaOODSP |
| 005 | 20240719153424 |
| 006 | m o d f |
| 007 | cr bn||||||||| |
| 008 | 230213e198107##quc ob f000 0 fre d |
| 040 | |aCaOODSP|bfre|erda|cCaOODSP |
| 086 | 1 |aEn37-620/1981F-PDF |
| 245 | 00|aBibliographie précipitations acides. |
| 264 | 1|a[Sainte-Foy, Québec] : |bEnvironnement Canada, Direction des eaux intérieures, Région du Québec, |cjuillet 1981. |
| 300 | |a1 ressource en ligne (v, 91 pages) |
| 336 | |atexte|btxt|2rdacontent/fre |
| 337 | |ainformatique|bc|2rdamedia/fre |
| 338 | |aressource en ligne|bcr|2rdacarrier/fre |
| 500 | |aTitre de la couverture. |
| 500 | |aÉdition numérisée de l’imprimé [par Environnement et changement climatique Canada]. |
| 520 | |a« Cette bibliographie sur les précipitations acides a été élaborée par la Direction générale des eaux intérieures d'Environnement Canada, région du Québec, pour répondre à une double nécessité : celle de classifier des documents, qui se font de plus en plus nombreux, pour en faciliter l'accès et celle de les rendre disponibles à l'ensemble de la communauté scientifique qui s'intéresse au sujet » -- Avant-propos, page iii. |
| 546 | |aComprend du texte en anglais. |
| 650 | 6|aPrécipitations acides (Météorologie)|vBibliographie. |
| 650 | 0|aAcid precipitation (Meteorology)|vBibliography. |
| 655 | 7|aBibliographies|2rvmgf |
| 710 | 1 |aCanada. |bDirection générale des eaux intérieures. |bRégion du Québec, |eorganisme de publication. |
| 856 | 40|qPDF|s1,83 Mo|uhttps://publications.gc.ca/collections/collection_2024/eccc/En37-620-1981-fra.pdf |